Normal view
MARC view
- Biblioteca Miguel de Cervantes Saavedra (México)
Entry Nombre Corporativo
001 - NÚMERO DE CONTROL
- campo de control: 51340
003 - IDENTIFICADOR DE NUMERO DE CONTROL
- campo de control: MX-MxUPN
005 - FECHA Y HORA DE LA ÜLTIMA TRANSACCIÓN
- campo de control: 20240312121149.0
008 - DATOS DE LONGITUD FIJA
- campo de control de longitud fija: 240312|| acn||aabn a a|a d
040 ## - FUENTE DE CATALOGACIÓN
- Agencia original de catalogación: MX-MxUPN
- Lenguaje de catalogación: spa
- Agencia transcribe: MX-MxUPN
110 2# - ENCABEZAMIENTO - NOMBRE CORPORATIVO
- Nombre corporativo o de jurisdicción como elemento de entrada : Biblioteca Miguel de Cervantes Saavedra (México)
410 1# - MENCIÓN DE REFERENCIA “VÉASE” – NOMBRE DE ENTIDAD CORPORATIVA
- Corporate name or jurisdiction name as entry element: México.
- Subordinate unit: Secretaría de Educación Pública.
- Subordinate unit: Departamento de Bibliotecas.
- Subordinate unit: Biblioteca Miguel de Cervantes Saavedra
410 1# - MENCIÓN DE REFERENCIA “VÉASE” – NOMBRE DE ENTIDAD CORPORATIVA
- Corporate name or jurisdiction name as entry element: México.
- Subordinate unit: Biblioteca Miguel de Cervantes Saavedra
410 2# - MENCIÓN DE REFERENCIA “VÉASE” – NOMBRE DE ENTIDAD CORPORATIVA
- Corporate name or jurisdiction name as entry element: Biblioteca Cervantes (México)
670 ## - FUENTE EN LA QUE SE LOCALIZARON DATOS
- Cita de la fuente : Las bibliotecas públicas en México: 1910-1940, 1988:
- Información localizada: página 211 (la Biblioteca Miguel de Cervantes Saavedra fue inaugurada por Vasconcelos el 28 de enero de 1924)
902 ## - CATALOGADOR
- Catalogador: Víctor Ruiz/120324
